Normal view
MARC view
- MPML VOL-II
Entry Topical Term
001 - CONTROL NUMBER
- control field: 57109
003 - CONTROL NUMBER IDENTIFIER
- control field: NUST
005 - DATE AND TIME OF LATEST TRANSACTION
- control field: 20210628201843.0
008 - FIXED-LENGTH DATA ELEMENTS
- fixed length control field: 210628|| aca||aabn | a|a d
040 ## - CATALOGING SOURCE
- Original cataloging agency: NUST
- Transcribing agency: NUST
150 ## - HEADING--TOPICAL TERM
- Topical term or geographic name entry element: MPML VOL-II
670 ## - SOURCE DATA FOUND
- Source citation: Work cat.: (NUST): Govt Of Pakistan Defence Ministry 57108, Manual of pakistan military law, vol-ii, 1987
